[Event "Oberliga Baden 1920"]
[Site "Baden"]
[Date "2020.02.09"]
[Round "6.6"]
[White "Heinemann, Josefine"]
[Black "Loewe, Lennard"]
[Result "0-1"]
[WhiteElo "2310"]
[BlackElo "2202"]
[PlyCount "154"]
[EventDate "2019.09.29"]
[EventType "team-tourn"]
[EventRounds "9"]
[EventCountry "GER"]
[SourceTitle "CBM 195 Extra"]
[Source "ChessBase"]
[SourceDate "2020.05.31"]
[SourceVersion "1"]
[SourceVersionDate "2020.05.31"]
[SourceQuality "1"]
[WhiteTeam "Viernheim II"]
[BlackTeam "Ettlingen"]
[WhiteTeamCountry "GER"]
[BlackTeamCountry "GER"]

1. e4 c6 2. d4 d5 3. e5 Bf5 4. h4 Qa5+ 5. Nc3 h5 6. Bd3 Bxd3 7. Qxd3 e6 8. Bd2 Qa6 9. Qg3 Ne7 10. Nge2 Nf5 11. Qf3 Nd7 12. g3 Nb6 13. 0-0 Be7 14. a4 c5 15. Nb5 Rc8 16. dxc5 Bxc5 17. b3 Nd7 18. Qf4 Qb6 19. c4 a6 20. Nbc3 dxc4 21. bxc4 Qc7 22. Qe4 0-0 23. Bf4 Bb4 24. Rfc1 Qxc4 25. Qf3 Bxc3 26. Ra3 Nd4 27. Nxd4 Qxd4 28. Raxc3 Rxc3 29. Qxc3 Qxa4 30. Qc7 Qb5 31. Rd1 Nc5 32. Rd8 Rxd8 33. Qxd8+ Kh7 34. Qe7 Kg8 35. Qd8+ Kh7 36. Qe7 Qb1+ 37. Kh2 Qc2 38. Be3 b6 39. Qxf7 Qf5 40. Qa7 Qxe5 41. Qxb6 Ne4 42. Qa7 Qd6 43. Qf7 Nf6 44. Bg5 Qd7 45. Qf8 Ng4+ 46. Kg1 Qd1+ 47. Kg2 Qd5+ 48. Kg1 Qf5 49. Qxf5+ exf5 50. Bd8 Kg6 51. f3 Ne5 52. Kf2 Nc6 53. Bb6 a5 54. Ke3 a4 55. Bc5 Ne5 56. Bd4 Nc6 57. Bc5 Nd8 58. Bd6 Kf7 59. g4 Ke6 60. Ba3 g6 61. Kf4 Nf7 62. gxf5+ gxf5 63. Bb2 Nd6 64. Kg5 Nc4 65. Bc3 Ne5 66. Kf4 Nc4 67. Kg5 a3 68. Kxh5 Ne5 69. f4 Nf3 70. Ba1 a2 71. Bb2 Kd5 72. Kg6 Nxh4+ 73. Kg5 Ke4 74. Kxh4 Kxf4 75. Kh3 Kf3 76. Kh2 f4 77. Kg1 Ke2 0-1

[Event "Verbandsliga Nordbaden 1819"]
[Site "Baden"]
[Date "2019.03.10"]
[Round "7.7"]
[White "Sauter, Claus"]
[Black "Loewe, Lennard"]
[Result "1/2-1/2"]
[WhiteElo "1935"]
[BlackElo "2202"]
[PlyCount "32"]
[EventDate "2018.10.14"]
[EventType "team-tourn"]
[EventRounds "9"]
[EventCountry "GER"]
[SourceTitle "EXT 2020"]
[Source "ChessBase"]
[SourceDate "2019.10.17"]
[SourceVersion "1"]
[SourceVersionDate "2019.10.17"]
[SourceQuality "1"]
[WhiteTeam "Sandhausen"]
[BlackTeam "Ettlingen"]
[WhiteTeamCountry "GER"]
[BlackTeamCountry "GER"]

1. c4 Nf6 2. Nc3 g6 3. Nf3 Bg7 4. d4 c5 5. d5 0-0 6. e4 d6 7. Be2 Bg4 8. Bg5 Nbd7 9. h3 Bxf3 10. gxf3 a6 11. Qd2 Qa5 12. 0-0 Rab8 13. a4 Rbe8 14. Rfd1 Kh8 15. Rab1 Ng8 16. Qc2 Rc8 1/2-1/2

[Event "Verbandsliga Nordbaden 1718"]
[Site "Baden"]
[Date "2017.12.03"]
[Round "3.1"]
[White "Weber, Marc"]
[Black "Loewe, Lennard"]
[Result "1/2-1/2"]
[WhiteElo "2204"]
[BlackElo "2199"]
[PlyCount "93"]
[EventDate "2017.10.08"]
[EventType "team-tourn"]
[EventRounds "9"]
[EventCountry "GER"]
[SourceTitle "EXT 2019"]
[Source "ChessBase"]
[SourceDate "2018.10.10"]
[SourceVersion "1"]
[SourceVersionDate "2018.10.10"]
[SourceQuality "1"]
[WhiteTeam "Walldorf II"]
[BlackTeam "Ettlingen II"]
[WhiteTeamCountry "GER"]
[BlackTeamCountry "GER"]

1. d4 Nf6 2. c4 c5 3. d5 e6 4. Nc3 exd5 5. cxd5 d6 6. Nf3 g6 7. Bf4 Bg7 8. h3 0-0 9. e3 Re8 10. Nd2 a6 11. a4 Qc7 12. Be2 Nbd7 13. 0-0 Ne5 14. a5 Nfd7 15. Bh2 f5 16. e4 Nf6 17. f4 Nf7 18. exf5 gxf5 19. Bd3 b5 20. axb6 Qxb6 21. Nc4 Qb7 22. Qc2 Nxd5 23. Nxd5 Qxd5 24. Nb6 Qd4+ 25. Kh1 Rb8 26. Nxc8 Rxb2 27. Qc4 Rxc8 28. Rxa6 d5 29. Qxd4 Bxd4 30. Bxf5 Rc7 31. Be6 c4 32. f5 Rcb7 33. f6 Bxf6 34. Rxf6 Rb1+ 35. Bg1 c3 36. Rxf7 Rxf7 37. Rc6 d4 38. Kh2 d3 39. Bd4 Kf8 40. Bxc3 Rf2 41. Bg4 Rc2 42. Rf6+ Ke7 43. Be5 Re1 44. Re6+ Kf7 45. Rf6+ Ke7 46. Re6+ Kf7 47. Rf6+ 1/2-1/2

[Event "Oberliga Baden 1516"]
[Site "Baden"]
[Date "2015.12.13"]
[Round "4.6"]
[White "Gschnitzer, Adrian"]
[Black "Loewe, Lennard"]
[Result "1/2-1/2"]
[WhiteElo "2116"]
[BlackElo "2219"]
[PlyCount "95"]
[EventDate "2015.09.20"]
[EventType "team-tourn"]
[EventRounds "9"]
[EventCountry "GER"]
[SourceTitle "EXT 2018"]
[Source "ChessBase"]
[SourceDate "2017.10.13"]
[SourceVersion "1"]
[SourceVersionDate "2017.10.13"]
[SourceQuality "1"]
[WhiteTeam "Walldorf"]
[BlackTeam "Ettlingen"]
[WhiteTeamCountry "GER"]
[BlackTeamCountry "GER"]

1. e4 c6 2. d4 d5 3. e5 Bf5 4. Nf3 e6 5. Be2 Ne7 6. 0-0 c5 7. c4 Nbc6 8. Nc3 dxc4 9. dxc5 Ng6 10. Be3 Ngxe5 11. Nxe5 Nxe5 12. Qa4+ Nc6 13. Bf3 Qc8 14. Nb5 e5 15. Qxc4 Be7 16. Rad1 0-0 17. Nd6 Bxd6 18. Rxd6 Be6 19. Qb5 Rb8 20. Rfd1 h6 21. b3 Ne7 22. c6 Nxc6 23. Bxc6 bxc6 24. Qxe5 Rb5 25. Qg3 Kh7 26. Bxa7 Qa6 27. Bd4 Rg5 28. Qd3+ Qxd3 29. Rxd3 Bd5 30. f3 Ra8 31. Rd2 Bxf3 32. Be3 Re5 33. gxf3 Rxe3 34. Rxc6 Rxf3 35. b4 Rb8 36. Rb2 Rb5 37. Rc1 Ra3 38. Rf1 Ra4 39. Rf4 Rb7 40. Kf2 Rba7 41. Ke3 Rxa2 42. Rxa2 Rxa2 43. Rf2 Ra4 44. Rb2 f5 45. b5 g5 46. b6 f4+ 47. Kf3 Ra8 48. b7 1/2-1/2

[Event "Dresden ZMD op 23rd"]
[Site "Dresden"]
[Date "2014.08.21"]
[Round "7"]
[White "Osmanodja, Filiz"]
[Black "Loewe, Lennard"]
[Result "0-1"]
[WhiteElo "2295"]
[BlackElo "2216"]
[PlyCount "108"]
[EventDate "2014.08.15"]
[EventType "swiss"]
[EventRounds "9"]
[EventCountry "GER"]
[SourceTitle "CBM 161 Extra"]
[Source "ChessBase"]
[SourceDate "2014.08.29"]
[SourceVersion "1"]
[SourceVersionDate "2014.08.29"]
[SourceQuality "1"]

1. e4 c6 2. d4 d5 3. e5 Bf5 4. Nf3 e6 5. Be2 Ne7 6. Nbd2 c5 7. dxc5 Nec6 8. Nb3 Nd7 9. Be3 Bg4 10. 0-0 Be7 11. Nfd2 Bxe2 12. Qxe2 Ndxe5 13. f4 Nd7 14. c4 d4 15. Nxd4 Nxd4 16. Bxd4 Bxc5 17. Bxc5 Nxc5 18. b4 Qd3 19. Qe5 0-0 20. Rad1 Nd7 21. Qb5 Nb6 22. a4 Qd4+ 23. Kh1 a6 24. Qe5 Rfd8 25. a5 Nxc4 26. Qxd4 Rxd4 27. Nb3 Rad8 28. Rc1 Nd2 29. Nxd2 Rxd2 30. Rc7 Rb8 31. Rfc1 g6 32. h3 Rd4 33. R1c4 Rbd8 34. Rxd4 Rxd4 35. Rxb7 Rxf4 36. Kh2 Kg7 37. Kg3 g5 38. b5 axb5 39. Rxb5 Kf6 40. Rb3 Ra4 41. Rb5 h5 42. Kf3 h4 43. Rc5 e5 44. Rc6+ Kf5 45. a6 f6 46. Rb6 Ra3+ 47. Kf2 e4 48. Ke2 Ke5 49. Kf2 f5 50. Rg6 Ra2+ 51. Kf1 Kf4 52. Kg1 g4 53. hxg4 fxg4 54. Kh2 h3 0-1

[Event "Dresden ZMD op 23rd"]
[Site "Dresden"]
[Date "2014.08.17"]
[Round "3"]
[White "Fogarasi, Tibor"]
[Black "Loewe, Lennard"]
[Result "1/2-1/2"]
[WhiteElo "2392"]
[BlackElo "2216"]
[PlyCount "91"]
[EventDate "2014.08.15"]
[EventType "swiss"]
[EventRounds "9"]
[EventCountry "GER"]
[SourceTitle "CBM 161 Extra"]
[Source "ChessBase"]
[SourceDate "2014.08.29"]
[SourceVersion "1"]
[SourceVersionDate "2014.08.29"]
[SourceQuality "1"]

1. e4 c6 2. d4 d5 3. e5 Bf5 4. c4 e6 5. Nc3 Ne7 6. Nge2 dxc4 7. Ng3 b5 8. a4 b4 9. Nce4 Bxe4 10. Nxe4 Nf5 11. Be3 Qd5 12. Ng3 Nxe3 13. fxe3 c3 14. bxc3 bxc3 15. Qc2 Nd7 16. Rb1 a5 17. Bd3 Bb4 18. 0-0 Rd8 19. Nh5 Nxe5 20. Be4 Qc4 21. Nxg7+ Ke7 22. Qf2 f5 23. Bxf5 exf5 24. Nxf5+ Kd7 25. dxe5 Kc7 26. Nd4 Rdf8 27. Qc2 Qd5 28. Rxf8 Rxf8 29. Qxh7+ Kb6 30. e6 Qe5 31. Qd3 Rh8 32. h3 Rg8 33. Rc1 Qd5 34. Qe2 Rg3 35. Qf2 Qe5 36. e7 Rxe3 37. Nc2 Bc5 38. Nxe3 Bxe3 39. Re1 Bxf2+ 40. Kxf2 Qc5+ 41. Kf1 c2 42. e8Q c1Q 43. Qb8+ Ka6 44. Qa8+ Kb6 45. Qb8+ Ka6 46. Qa8+ 1/2-1/2

[Event "Oberliga Baden 1314"]
[Site "Germany"]
[Date "2013.10.13"]
[Round "1.5"]
[White "Loewe, Lennard"]
[Black "Bogdanovich, Grigory Grigorievic"]
[Result "1/2-1/2"]
[WhiteElo "2155"]
[BlackElo "2340"]
[PlyCount "85"]
[EventDate "2013.10.13"]
[EventType "team-tourn"]
[EventRounds "9"]
[EventCountry "GER"]
[SourceTitle "EXT 2015"]
[Source "ChessBase"]
[SourceDate "2014.11.20"]
[SourceVersion "1"]
[SourceVersionDate "2014.11.20"]
[SourceQuality "1"]
[WhiteTeam "Ettlingen"]
[BlackTeam "Bad Mergentheim"]
[WhiteTeamCountry "GER"]
[BlackTeamCountry "GER"]

1. e4 b6 2. d4 Bb7 3. Bd3 Nc6 4. Nf3 Nb4 5. 0-0 Nxd3 6. Qxd3 g6 7. c4 Bg7 8. Nc3 d6 9. Bg5 Nf6 10. Rad1 h6 11. Bf4 Qd7 12. Rfe1 g5 13. Bg3 Nh5 14. e5 0-0-0 15. d5 Nxg3 16. hxg3 g4 17. e6 fxe6 18. dxe6 Qe8 19. Nd4 Bxd4 20. Qxd4 Qg6 21. Nd5 Rhe8 22. b4 c6 23. Nf4 Qg5 24. Qd3 Kc7 25. a4 Rf8 26. Ra1 Rf5 27. b5 h5 28. Red1 h4 29. bxc6 hxg3 30. Nd5+ Rxd5 31. cxd5 gxf2+ 32. Kf1 Bc8 33. a5 Rh8 34. axb6+ axb6 35. Qe4 g3 36. Ra7+ Kb8 37. Raa1 Rh4 38. c7+ Kb7 39. Qc2 Rh1+ 40. Ke2 Qe5+ 41. Kf3 f1Q+ 42. Rxf1 Qxd5+ 43. Qe4 1/2-1/2

[Event "Oberliga Nord W 1213"]
[Site "Germany"]
[Date "2013.02.24"]
[Round "7.3"]
[White "Kodentsov, Grigori"]
[Black "Loewe, Lennard"]
[Result "1/2-1/2"]
[WhiteElo "2281"]
[BlackElo "2099"]
[PlyCount "46"]
[EventDate "2012.10.14"]
[EventType "team-tourn"]
[EventRounds "9"]
[EventCountry "GER"]
[SourceTitle "EXT 2014"]
[Source "ChessBase"]
[SourceDate "2013.11.20"]
[SourceVersion "1"]
[SourceVersionDate "2013.11.20"]
[SourceQuality "1"]
[WhiteTeam "Esens"]
[BlackTeam "Lister Turm"]
[WhiteTeamCountry "GER"]
[BlackTeamCountry "GER"]

1. d4 d5 2. c4 e6 3. Nf3 c5 4. cxd5 exd5 5. Nc3 Nc6 6. g3 Nf6 7. Bg2 Be7 8. 0-0 0-0 9. Bg5 c4 10. b3 Qa5 11. Qd2 Bb4 12. Bxf6 gxf6 13. Rfc1 Ba3 14. Rd1 Bb4 15. Rac1 cxb3 16. axb3 Be6 17. e4 dxe4 18. Nh4 Rfd8 19. Bxe4 Nxd4 20. Qh6 Qg5 21. Qxh7+ Kf8 22. Ng6+ fxg6 23. Qh8+ Kf7 1/2-1/2

[Event "GER-ch Net final U18"]
[Site "Playchess.com INT"]
[Date "2012.09.15"]
[Round "6"]
[White "Cofman, Veaceslav"]
[Black "Loewe, Lennard"]
[Result "0-1"]
[WhiteElo "2158"]
[BlackElo "2045"]
[PlyCount "106"]
[EventDate "2012.09.15"]
[EventType "swiss (blitz)"]
[EventRounds "7"]
[EventCountry "GER"]
[SourceTitle "CBM 150 Extra"]
[Source "ChessBase"]
[SourceDate "2012.10.19"]
[SourceVersion "1"]
[SourceVersionDate "2012.10.19"]
[SourceQuality "1"]

1. d4 d5 2. c4 e6 3. Nc3 c5 4. dxc5 d4 5. Ne4 Nf6 6. Nxf6+ Qxf6 7. Nf3 Bxc5 8. a3 0-0 9. Bg5 Qg6 10. Qd3 Qxd3 11. exd3 e5 12. b4 Bd6 13. Be2 f6 14. Bd2 Be6 15. 0-0 Nd7 16. Bd1 Rfd8 17. Re1 Kf7 18. Rc1 Bf8 19. c5 a5 20. Be2 axb4 21. axb4 Ra2 22. c6 bxc6 23. Rxc6 Bd5 24. Rc7 Bd6 25. Rcc1 Bxf3 26. Bxf3 Rxd2 27. b5 Rb2 28. Rc6 Ke7 29. g3 Rxb5 30. Ra1 Rc5 31. Rca6 Rc7 32. Rb1 Rdc8 33. Kg2 Nc5 34. Ra3 Nd7 35. Ra6 Rb8 36. Rba1 Rb3 37. Be2 Nc5 38. Ra8 Nxd3 39. Rh8 f5 40. Raa8 e4 41. Rxh7 Kf6 42. Ra6 Rd7 43. Rh8 Nc5 44. Rc6 d3 45. Bh5 g6 46. Bd1 Rb1 47. Bh5 d2 48. Rh6 Kg5 49. Rxg6+ Kxh5 50. Rg8 d1Q 51. Rh8+ Kg6 52. Rg8+ Kf7 53. Rg5 Qf1# 0-1

[Event "GER-ch Net final U18"]
[Site "Playchess.com INT"]
[Date "2012.09.15"]
[Round "7"]
[White "Loewe, Lennard"]
[Black "Miller, Eduard"]
[Result "0-1"]
[WhiteElo "2067"]
[BlackElo "2085"]
[PlyCount "126"]
[EventDate "2012.09.15"]
[EventType "swiss (blitz)"]
[EventRounds "7"]
[EventCountry "GER"]
[SourceTitle "CBM 150 Extra"]
[Source "ChessBase"]
[SourceDate "2012.10.19"]
[SourceVersion "1"]
[SourceVersionDate "2012.10.19"]
[SourceQuality "1"]

1. e4 g6 2. d4 Bg7 3. Nc3 c5 4. Nf3 cxd4 5. Nxd4 d6 6. Be3 Nf6 7. f3 a6 8. Bc4 Nbd7 9. Qd2 b5 10. Bb3 Bb7 11. h4 h5 12. 0-0-0 Rc8 13. Rdg1 Ne5 14. Bg5 Nc4 15. Qd1 Qb6 16. Nde2 Qc5 17. Kb1 Nxb2 18. Kxb2 Nd7 19. Qd3 b4 20. Be3 bxc3+ 21. Kb1 Qa3 22. Bc1 Qb4 23. a3 Qb6 24. Ka2 Nc5 25. Qd1 Nxb3 26. cxb3 c2 27. Qd3 a5 28. Bb2 Ba6 29. Qd2 Bxb2 30. Kxb2 Bxe2 31. Qxe2 Qd4+ 32. Ka2 0-0 33. Rc1 Qc3 34. Qe1 Qc5 35. Qg1 Qe5 36. Qf2 Qc3 37. Qe1 Qc5 38. Qg1 Qb5 39. Qd4 Rc5 40. Kb2 Rfc8 41. Rhe1 Qb6 42. Re3 e5 43. Qd2 a4 44. b4 Rc4 45. Rd3 R8c6 46. Rd5 Kf8 47. Rd3 Ke7 48. Rd5 Rc3 49. Rd3 R3c4 50. Rd5 Ke6 51. Rd3 Qd8 52. Rd5 Qxh4 53. b5 Rb6 54. Rxc2 Rxc2+ 55. Qxc2 Qd8 56. Ka2 Qd7 57. Qc4 Ke7 58. Kb2 Rb7 59. Ka2 Rc7 60. Qe2 Rc5 61. b6 Rxd5 62. exd5 Qb7 63. Qa6 Qxa6 0-1

[Event "GER-ch Net final U18"]
[Site "Playchess.com INT"]
[Date "2012.09.15"]
[Round "5"]
[White "Loewe, Lennard"]
[Black "Moehn, Hans"]
[Result "0-1"]
[WhiteElo "2055"]
[BlackElo "2199"]
[PlyCount "70"]
[EventDate "2012.09.15"]
[EventType "swiss (blitz)"]
[EventRounds "7"]
[EventCountry "GER"]
[SourceTitle "CBM 150 Extra"]
[Source "ChessBase"]
[SourceDate "2012.10.19"]
[SourceVersion "1"]
[SourceVersionDate "2012.10.19"]
[SourceQuality "1"]

1. e4 c5 2. Nf3 e6 3. d4 cxd4 4. Nxd4 a6 5. Bd3 Bc5 6. Nb3 Ba7 7. 0-0 Nc6 8. Nc3 d6 9. Qe2 Nge7 10. Be3 e5 11. Bc4 0-0 12. Rad1 Be6 13. Bd5 Qc7 14. Rd2 Rfd8 15. Rfd1 b5 16. a3 Bxe3 17. Qxe3 Rac8 18. Nc1 Nd4 19. Bxe6 fxe6 20. N1e2 Nec6 21. f4 a5 22. fxe5 dxe5 23. Qg3 b4 24. axb4 axb4 25. Nxd4 Nxd4 26. Rxd4 exd4 27. Qxc7 Rxc7 28. Na2 Rxc2 29. Nxb4 Rxb2 30. Nc6 Rd6 31. Ne5 Rb5 32. Nc4 Rd8 33. e5 Rc5 34. Nd6 Rxe5 35. Rxd4 Rd5 0-1

[Event "GER-ch Net final U18"]
[Site "Playchess.com INT"]
[Date "2012.09.15"]
[Round "9"]
[White "Loewe, Lennard"]
[Black "Wagner, Dennis"]
[Result "1-0"]
[WhiteElo "2062"]
[BlackElo "2445"]
[PlyCount "71"]
[EventDate "2012.09.15"]
[EventType "swiss (blitz)"]
[EventRounds "7"]
[EventCountry "GER"]
[SourceTitle "CBM 150 Extra"]
[Source "ChessBase"]
[SourceDate "2012.10.19"]
[SourceVersion "1"]
[SourceVersionDate "2012.10.19"]
[SourceQuality "1"]

1. e4 c5 2. d4 cxd4 3. c3 d3 4. Bxd3 b6 5. Nf3 Bb7 6. 0-0 d6 7. Be3 Nd7 8. c4 g6 9. Nc3 Bg7 10. Qe2 Ngf6 11. Rfc1 0-0 12. a4 Rc8 13. a5 Ng4 14. Bg5 h6 15. Bd2 Nge5 16. axb6 axb6 17. Ra7 Nxd3 18. Qxd3 Nc5 19. Qe2 Ra8 20. Rxa8 Qxa8 21. Nd5 e6 22. Nc3 Nxe4 23. Nxe4 Bxe4 24. b4 Rc8 25. Be3 Qb7 26. Ne1 Qa6 27. b5 Qa3 28. Rd1 Rb8 29. Bxb6 Bxg2 30. Bc7 Rc8 31. Bxd6 Qb3 32. Nxg2 Rxc4 33. Ne3 Rh4 34. Bg3 Re4 35. Qd3 Rd4 36. Qxb3 1-0

[Event "GER-ch Net qual4 U25"]
[Site "Playchess.com INT"]
[Date "2012.09.12"]
[Round "4"]
[White "Grimberg, Boris"]
[Black "Loewe, Lennard"]
[Result "0-1"]
[WhiteElo "2353"]
[BlackElo "2069"]
[PlyCount "108"]
[EventDate "2012.09.12"]
[EventType "swiss (blitz)"]
[EventRounds "7"]
[EventCountry "GER"]
[SourceTitle "CBM 150 Extra"]
[Source "ChessBase"]
[SourceDate "2012.10.19"]
[SourceVersion "1"]
[SourceVersionDate "2012.10.19"]
[SourceQuality "1"]

1. e4 c6 2. Nf3 d5 3. exd5 cxd5 4. Ne5 Nf6 5. d4 g6 6. c3 Bg7 7. Bd3 0-0 8. 0-0 Nfd7 9. f4 Nc6 10. Nd2 f6 11. Nxg6 hxg6 12. Bxg6 f5 13. Qh5 Nf6 14. Qh3 e6 15. Nf3 Ne7 16. Bh5 Bd7 17. Ng5 Qb6 18. Rf3 Be8 19. Bxe8 Rfxe8 20. Re3 Ng6 21. Rg3 Re7 22. b4 Rae8 23. a4 Qc7 24. b5 Nf8 25. Ba3 N8h7 26. Bxe7 Qxe7 27. Re1 Nxg5 28. Rxg5 Ne4 29. Rh5 Qa3 30. g4 Qb2 31. Qf3 fxg4 32. Qe3 Qxc3 33. Qxc3 Nxc3 34. f5 Bxd4+ 35. Kg2 e5 36. Rg5+ Kf7 37. Rxg4 e4 38. Rg6 Bf6 39. h4 Rh8 40. Rc1 d4 41. Rg4 Rxh4 42. Rxh4 Bxh4 43. Rh1 d3 44. Rxh4 d2 45. Rh1 d1Q 46. Rxd1 Nxd1 47. Kg3 Nc3 48. Kf4 Nxa4 49. Kxe4 Nc3+ 50. Kd4 Nxb5+ 51. Kc5 Nc7 52. Kd6 a5 53. Kc5 a4 54. Kb4 b5 0-1

[Event "GER-ch Net qual4 U25"]
[Site "Playchess.com INT"]
[Date "2012.09.12"]
[Round "3"]
[White "Loewe, Lennard"]
[Black "Huebben, Dominik"]
[Result "1-0"]
[WhiteElo "2069"]
[BlackElo "1835"]
[PlyCount "83"]
[EventDate "2012.09.12"]
[EventType "swiss (blitz)"]
[EventRounds "7"]
[EventCountry "GER"]
[SourceTitle "CBM 150 Extra"]
[Source "ChessBase"]
[SourceDate "2012.10.19"]
[SourceVersion "1"]
[SourceVersionDate "2012.10.19"]
[SourceQuality "1"]

1. c4 d5 2. cxd5 Nf6 3. Nc3 Nxd5 4. g3 g6 5. Bg2 c6 6. Nf3 Bg7 7. 0-0 0-0 8. Qc2 Bf5 9. d3 Be6 10. Bd2 Nd7 11. Ng5 N7b6 12. Nxe6 fxe6 13. Bh3 e5 14. Ne4 h6 15. Nc5 Qb8 16. a4 a5 17. Ne6 Rf6 18. Qb3 Qd6 19. e4 Rxe6 20. exd5 cxd5 21. Bxe6+ Qxe6 22. Be3 Nd7 23. Rac1 Kh7 24. Rc7 Nf6 25. Qxb7 Re8 26. Rfc1 Qh3 27. Ba7 Ng4 28. Qxd5 Qxh2+ 29. Kf1 Qh3+ 30. Qg2 Qh5 31. f3 Rf8 32. Ke2 Nh2 33. Rh1 Rxf3 34. Rxh2 Rxg3+ 35. Rxh5 Rxg2+ 36. Kf3 Rxb2 37. Rh4 Rb3 38. Ke3 Bf6 39. Rd7 Bxh4 40. Bc5 Bg5+ 41. Ke4 Rb7 42. Rxb7 1-0

[Event "GER-ch Net qual3 U18"]
[Site "Playchess.com INT"]
[Date "2012.09.08"]
[Round "6"]
[White "Hoffmann, Tim"]
[Black "Loewe, Lennard"]
[Result "1-0"]
[WhiteElo "1927"]
[BlackElo "2008"]
[PlyCount "93"]
[EventDate "2012.09.08"]
[EventType "swiss (blitz)"]
[EventRounds "7"]
[EventCountry "GER"]
[SourceTitle "CBM 150 Extra"]
[Source "ChessBase"]
[SourceDate "2012.10.19"]
[SourceVersion "1"]
[SourceVersionDate "2012.10.19"]
[SourceQuality "1"]

1. e4 c6 2. d4 d5 3. e5 Bf5 4. Nf3 e6 5. Be2 Ne7 6. 0-0 Nd7 7. Nh4 c5 8. c3 Bg6 9. Na3 Nc6 10. Nxg6 hxg6 11. h3 Qb6 12. Be3 a6 13. Qd2 Qc7 14. f4 Be7 15. Rac1 b5 16. Nc2 Na5 17. b3 Nc6 18. dxc5 Bxc5 19. Bxc5 Nxc5 20. Nd4 0-0 21. Bf3 Qb6 22. Kh1 Rfc8 23. Nxc6 Qxc6 24. c4 Ne4 25. Bxe4 dxe4 26. c5 Qd5 27. Qe3 g5 28. Rfd1 Qb7 29. fxg5 Qc7 30. Qxe4 Rd8 31. Rd6 Rac8 32. b4 a5 33. a3 axb4 34. axb4 Qa7 35. Rcd1 Rf8 36. g6 fxg6 37. Qxg6 Rc7 38. Rd8 Rcf7 39. Qxe6 Kh7 40. Rxf8 Rxf8 41. Qg4 Qe7 42. Qh5+ Kg8 43. Qe2 Qh4 44. Qg4 Qe7 45. e6 Rf6 46. Rd7 Qxe6 47. Qxg7# 1-0

[Event "Daehne Cup Region VII"]
[Site "Hannover"]
[Date "2012.06.30"]
[Round "2"]
[White "Kiesewetter, Oliver"]
[Black "Loewe, Lennard"]
[Result "1/2-1/2"]
[WhiteElo "1860"]
[BlackElo "2129"]
[PlyCount "108"]
[EventDate "2012.06.29"]
[EventType "k.o."]
[EventCountry "GER"]
[SourceTitle "EXT 2022"]
[Source "ChessBase"]
[SourceDate "2021.10.06"]
[SourceVersion "1"]
[SourceVersionDate "2021.10.06"]
[SourceQuality "1"]

1. e4 c5 2. c3 d6 3. d4 Qc7 4. Nf3 g6 5. Be3 Bg7 6. Be2 Nf6 7. Nbd2 0-0 8. h3 Rd8 9. 0-0 Nc6 10. a3 a6 11. Qc2 Nb8 12. Rfc1 Nbd7 13. Ne1 b6 14. Rab1 Bb7 15. d5 e6 16. c4 Re8 17. Nd3 exd5 18. exd5 Re7 19. Bf3 Ne5 20. Nxe5 Rxe5 21. Bf4 Re7 22. Re1 Rae8 23. Re3 Rxe3 24. Bxe3 Bc8 25. Be2 Nd7 26. Nf3 Ne5 27. Nxe5 Bxe5 28. Bd3 Bd7 29. Rc1 Qc8 30. Bf1 f5 31. Qd2 Rf8 32. Bf4 Re8 33. Re1 Bxf4 34. Rxe8+ Qxe8 35. Qxf4 Qe7 36. h4 Kf8 37. f3 Qf6 38. Qh6+ Kg8 39. Qf4 Kg7 40. b3 h6 41. g3 g5 42. hxg5 hxg5 43. Qe3 f4 44. gxf4 gxf4 45. Qd2 Qd4+ 46. Qxd4+ cxd4 47. Bd3 a5 48. Kf2 Kf6 49. Ke2 Ke5 50. Be4 Bc8 51. a4 Bh3 52. Bd3 Bg2 53. Kf2 Bh3 54. Ke2 Bd7 1/2-1/2